Resúmenes número 1 al 40 (1976-2002) /

Na minha lista:
Detalhes bibliográficos
Autor Corporativo: IIPS
Formato: Texto
Tags: Adicionar Tag
Sem tags, seja o primeiro a adicionar uma tag!

MARC

LEADER 00000 a a2200000 04500
001 45516
003
040
090 |a REV0780 (N°Esp)2002  
110 |a IIPS  
245 |a Resúmenes número 1 al 40 (1976-2002) /  |c IIPS  
773 |g (2002), Paginas 23-118  
999 |c 22640  |d 22640